• AIU
  • Tony Wilmot Memorial Library

Computer shopper. (Record no. 58647)

MARC details
000 -LEADER
fixed length control field 01640cas a2200469 a 4500
001 - CONTROL NUMBER
control field 11358766
005 - DATE AND TIME OF LATEST TRANSACTION
control field 20140219152000.0
007 - PHYSICAL DESCRIPTION FIXED FIELD--GENERAL INFORMATION
fixed length control field t|
008 - FIXED-LENGTH DATA ELEMENTS--GENERAL INFORMATION
fixed length control field 850305c198u9999nyumr p c 0 a0eng c
010 ## - LIBRARY OF CONGRESS CONTROL NUMBER
LC control number 89645729
Canceled/invalid LC control number sn 85003375
015 ## - NATIONAL BIBLIOGRAPHY NUMBER
National bibliography number 016781937
Source dnb
016 7# - NATIONAL BIBLIOGRAPHIC AGENCY CONTROL NUMBER
Record control number 016781937
Source DE-101
016 7# - NATIONAL BIBLIOGRAPHIC AGENCY CONTROL NUMBER
Record control number 1149647-2
Source DE-600
016 7# - NATIONAL BIBLIOGRAPHIC AGENCY CONTROL NUMBER
Record control number 9886189
Source DNLM
016 7# - NATIONAL BIBLIOGRAPHIC AGENCY CONTROL NUMBER
Record control number SR0073878
Source DNLM
016 7# - NATIONAL BIBLIOGRAPHIC AGENCY CONTROL NUMBER
Record control number 014866176
Source Uk
022 0# - INTERNATIONAL STANDARD SERIAL NUMBER
International Standard Serial Number 0886-0556
Source 1
032 ## - POSTAL REGISTRATION NUMBER
Postal registration number 752570
Source (agency assigning number) USPS
035 ## - SYSTEM CONTROL NUMBER
System control number (OCoLC)ocm11762456
037 ## - SOURCE OF ACQUISITION
Source of stock number/acquisition Coastal Associates Publishing, One Park Ave., New York, NY 10016
040 ## - CATALOGING SOURCE
Original cataloging agency DBC
Language of cataloging eng
Transcribing agency DBC
Modifying agency NSDP
-- NST
-- OCoLC
-- NSDP
-- DLC
-- NST
-- WaU
-- InU
-- DLC
-- InU
-- DNLM
-- OCoLC
-- CSdS
-- OCoLC
-- GBVCP
-- UKMGB
-- OCLCO
-- OCoLC
042 ## - AUTHENTICATION CODE
Authentication code nsdp
-- pcc
050 00 - LIBRARY OF CONGRESS CALL NUMBER
Classification number QA76.5
Item number .C61287
210 0# - ABBREVIATED TITLE
Abbreviated title Comput. shopp.
222 #0 - KEY TITLE
Key title Computer shopper
245 00 - TITLE STATEMENT
Title Computer shopper.
260 ## - PUBLICATION, DISTRIBUTION, ETC. (IMPRINT)
Place of publication, distribution, etc Titusville, Fl. :
Name of publisher, distributor, etc Patch Pub. Co.
300 ## - PHYSICAL DESCRIPTION
Extent volumes :
Other physical details illustrations ;
Dimensions 35 cm
310 ## - CURRENT PUBLICATION FREQUENCY
Current publication frequency Monthly
500 ## - GENERAL NOTE
General note Published: New York, N.Y. : Coastal Associates Pub., <Oct. 1989->
515 ## - NUMBERING PECULIARITIES NOTE
Numbering peculiarities note Issues for <July 1984-> carry also consecutive numbering.
590 ## - LOCAL NOTE (RLIN)
Local note SERBIB/SERLOC merged record
650 #0 - SUBJECT ADDED ENTRY--TOPICAL TERM
Topical term or geographic name as entry element Computers
Form subdivision Catalogs
-- Periodicals.
9 (RLIN) 25091
650 #0 - SUBJECT ADDED ENTRY--TOPICAL TERM
Topical term or geographic name as entry element Computers
Form subdivision Periodicals.
9 (RLIN) 25092
906 ## - LOCAL DATA ELEMENT F, LDF (RLIN)
a 7
b cbc
c serials
d 3
e ncip
f 19
g n-oclcserc
942 ## - ADDED ENTRY ELEMENTS (KOHA)
Source of classification or shelving scheme Library of Congress Classification
Item type Periodicals
Holdings
Withdrawn status Lost status Source of classification or shelving scheme Damaged status Not for loan Collection code Home library Current library Shelving location Date acquired Total Checkouts Full call number Date last seen Price effective from Koha item type
    Library of Congress Classification     Serials AIU/NEGST - Tony Wilmot Memorial Library AIU/NEGST - Tony Wilmot Memorial Library Serials 02/19/2014   QA76.5 .C61287 02/19/2014 02/19/2014 Periodicals